| 000 | 00653nam0a22002411 4500 | ||
|---|---|---|---|
| 001 | RU\NLR\INFOCOMM_211\5000002519 | ||
| 005 | 20250613090056.0 | ||
| 035 | _a(NLR Aleph) 009050200 | ||
| 090 |
_a9571238 _c9571238 |
||
| 100 | _a20080905d1964 |||y0rusy50 ca | ||
| 101 | 0 | _adut | |
| 102 | _aRU | ||
| 105 | _ay ||||000|y | ||
| 200 | 1 | _aMet open ogen | |
| 210 |
_a[Μ. _d1964] |
||
| 215 | _aс. 5-144 | ||
| 309 | _aВ кн.: De onzichtbare barrière. M., [1964], с. 5-144 | ||
| 700 | 1 |
_aAgranovskij _bA. A. _gAnatolij Abramovič _4070 |
|
| 801 | 1 |
_aRU _bNLR _c20080905 |
|
| 801 | 0 |
_aRU _bNLR _gPSBO |
|
| 852 |
_aNLR _jЛ31 Г-3/1407 |
||
| 942 | _cBOOK | ||
| 980 | _aNB | ||